| 000 | 00900nam a22003130a 4500 | ||
|---|---|---|---|
| 001 | PT31494 | ||
| 003 | AR-LpoUNG | ||
| 005 | 20210516203123.0 | ||
| 008 | 191001s1964||||xxu|||||||||||||||||eng d | ||
| 040 |
_aAR-LpoUNG _bspa _cAR-LpoUNG _eaacr |
||
| 041 | _aeng | ||
| 044 | _axxu | ||
| 082 | 0 | _a507 527sci | |
| 111 | 2 | _aAdresses at the Celebration of the Fiftieth Anniversary of Mellon Institute, Pittsburgh, mayo 22-26, 1963 | |
| 245 | 1 | 0 | _aScience and human progress |
| 250 | _a1° edición | ||
| 260 |
_aPittsburgh : _bMellon Institute, _c1964. |
||
| 300 |
_axiii, 214 p. : _bgráfs. |
||
| 650 | 4 | _aBIOLOGIA | |
| 650 | 4 | _aBIOLOGIA MARINA | |
| 650 | 4 | _aBIOTECNOLOGIA | |
| 650 | 4 | _aCIENCIA Y TECNOLOGIA | |
| 650 | 4 | _aCIENCIAS DE LA VIDA | |
| 650 | 4 | _aCIENCIAS SOCIALES | |
| 710 | 2 | _aMellon Institute | |
| 710 | 2 | _aMellon Institute (Pittsburgh) | |
| 905 | _a31494 | ||
| 942 | _cLIB | ||
| 999 |
_c57556 _d57556 |
||